[Event "FRA-ch Youth U14 2018"]
[Site "Agen"]
[Date "2018.04.17"]
[Round "4"]
[White "Gattegno-Graciet, Maylis"]
[Black "Chemla, Anouk"]
[Result "0-1"]
[WhiteElo "1588"]
[BlackElo "1705"]
[Annotator "NA"]
[PlyCount "122"]
[EventDate "2018.??.??"]
[EventType "swiss"]
[EventCountry "FRA"]
[SourceTitle "playchess.com"]
[Source "ChessBase"]
[SourceQuality "1"]
[TimeControl "5400+30"]

1. d4 {[%emt 0:00:00]} Nf6 {[%emt 0:00:16]} 2. Nf3 {[%emt 0:00:00]} g6 {[%emt 0:00:25]} 3. Bg5 {[%emt 0:00:09]} Bg7 {[%emt 0:00:15]} 4. e3 {[%emt 0:00:19]} O-O {[%emt 0:00:54]} 5. c4 {[%emt 0:00:43]} c5 {[%emt 0:02:48]} 6. Nc3 {[%emt 0:02:06]} d6 {[%emt 0:03:12]} 7. Be2 {[%emt 0:01:47]} Nbd7 {[%emt 0:01:54]} 8. O-O {[%emt 0:01:52]} h6 {[%emt 0:02:02]} 9. Bh4 {[%emt 0:01:09]} g5 {[%emt 0:04:19]} 10. Bg3 {[%emt 0:00:46]} Nh5 {[%emt 0:01:39]} 11. Qc2 {[%emt 0:01:33]} Nxg3 {[%emt 0:00:11]} 12. hxg3 {[%emt 0:00:05]} b6 {[%emt 0:07:15]} 13. Rad1 {[%emt 0:04:01]} Bb7 {[%emt 0:01:56]} 14. b3 {[%emt 0:02:18]} a6 {[%emt 0:11:34]} 15. d5 {[%emt 0:06:14]} Qc7 {[%emt 0:03:43]} 16. Nd2 {[%emt 0:04:03]} Nf6 {[%emt 0:04:21]} 17. Nde4 {[%emt 0:02:11]} Nxe4 {[%emt 0:01:16]} 18. Nxe4 {[%emt 0:00:14]} Bc8 {[%emt 0:01:16]} 19. Nc3 {[%emt 0:06:11]} Bd7 {[%emt 0:01:54]} 20. Bd3 {[%emt 0:04:31]} Rfb8 {[%emt 0:07:53]} 21. Ne2 {[%emt 0:09:56]} b5 {[%emt 0:02:54]} 22. Rb1 {[%emt 0:02:40]} b4 {[%emt 0:01:16]} 23. Bf5 {[%emt 0:03:07]} a5 {[%emt 0:01:29]} 24. Bxd7 {[%emt 0:01:00]} Qxd7 {[%emt 0:00:07]} 25. Nc1 {[%emt 0:02:02]} a4 {[%emt 0:01:41]} 26. Nd3 {[%emt 0:04:09]} axb3 {[%emt 0:00:59]} 27. axb3 {[%emt 0:00:09]} Ra3 {[%emt 0:00:34]} 28. Ne1 {[%emt 0:02:34]} Rba8 {[%emt 0:00:23]} 29. Nf3 {[%emt 0:01:35]} Ra2 {[%emt 0:01:37]} 30. Qd3 {[%emt 0:01:48]} R8a3 {[%emt 0:02:25]} 31. Rfd1 {[%emt 0:01:36]} Qa7 {[%emt 0:00:44]} 32. Rd2 {[%emt 0:01:41]} Bc3 {[%emt 0:02:38]} 33. Rxa2 {[%emt 0:01:34]} Rxa2 {[%emt 0:00:01]} 34. Qe4 {[%emt 0:01:35]} Bf6 {[%emt 0:03:15]} 35. Qf5 {[%emt 0:02:24]} Re2 {[%emt 0:01:51]} 36. Nh2 {[%emt 0:01:50]} Qa8 {[%emt 0:10:25]} 37. Ng4 {[%emt 0:01:16]} Bg7 {[%emt 0:00:20]} 38. Qd3 {[%emt 0:01:47]} Qa2 {[%emt 0:01:13]} 39. Qf5 {[%emt 0:05:13]} Qc2 {[%emt 0:01:41]} 40. Qxc2 {[%emt 0:00:52]} Rxc2 {[%emt 0:00:02]} 41. e4 {[%emt 0:00:51]} Rd2 {[%emt 0:04:49]} 42. Re1 {[%emt 0:01:47]} h5 {[%emt 0:01:37]} 43. Ne3 {[%emt 0:02:08]} Bd4 {[%emt 0:00:35]} 44. Kf1 {[%emt 0:02:20]} Rb2 {[%emt 0:00:36]} 45. f4 {[%emt 0:01:30]} Rxb3 {[%emt 0:01:44]} 46. Nf5 {[%emt 0:00:48]} Bc3 {[%emt 0:01:02]} 47. Re3 {[%emt 0:01:29]} Rb1+ {[%emt 0:00:59]} 48. Ke2 {[%emt 0:01:10]} Re1+ {[%emt 0:01:09]} 49. Kd3 {[%emt 0:01:46]} Rxe3+ {[%emt 0:00:59]} 50. Kxe3 {[%emt 0:00:14]} Bf6 {[%emt 0:01:40]} 51. Kd3 {[%emt 0:00:58]} g4 {[%emt 0:00:58]} 52. Kc2 {[%emt 0:01:37]} Kf8 {[%emt 0:00:18]} 53. Ne3 {[%emt 0:00:44]} Bd4 {[%emt 0:01:22]} 54. Nf1 {[%emt 0:00:40]} Kg7 {[%emt 0:01:20]} 55. Kb3 {[%emt 0:00:22]} Kg6 {[%emt 0:00:22]} 56. Kc2 {[%emt 0:00:52]} f5 {[%emt 0:00:54]} 57. exf5+ {[%emt 0:00:29]} Kxf5 {[%emt 0:00:09]} 58. Kb3 {[%emt 0:00:31]} Ke4 {[%emt 0:00:23]} 59. Kc2 {[%emt 0:00:38]} Bf2 {[%emt 0:00:20]} 60. Kb2 {[%emt 0:01:37]} Kd3 {[%emt 0:00:20]} 61. Kb3 {[%emt 0:00:18]} Ke2 0-1

[Event "FRA-ch Youth U14 2018"]
[Site "Agen"]
[Date "2018.04.18"]
[Round "5"]
[White "Popov, Konstantin"]
[Black "Cohen Revivo, Shoham"]
[Result "1/2-1/2"]
[WhiteElo "2150"]
[BlackElo "2180"]
[Annotator "NA"]
[PlyCount "117"]
[EventDate "2018.??.??"]
[EventType "swiss"]
[EventCountry "FRA"]
[SourceTitle "playchess.com"]
[Source "ChessBase"]
[SourceQuality "1"]
[TimeControl "5400+30"]

1. e4 {[%emt 0:00:00]} e6 {[%emt 0:00:21]} 2. d4 {[%emt 0:00:00]} d5 {[%emt 0:00:09]} 3. Nd2 {[%emt 0:00:27]} c5 {[%emt 0:00:07]} 4. Ngf3 {[%emt 0:00:13]} cxd4 {[%emt 0:00:07]} 5. Nxd4 {[%emt 0:00:26]} Nc6 {[%emt 0:00:04]} 6. Bb5 {[%emt 0:01:07]} Bd7 {[%emt 0:00:04]} 7. Nxc6 {[%emt 0:01:43]} bxc6 {[%emt 0:00:13]} 8. Bd3 {[%emt 0:00:24]} Qc7 {[%emt 0:00:03]} 9. Qe2 {[%emt 0:00:48] C07: French Tarrasch: 3...c5, 4 Ngf3 and 4 exd5 Qxd5} Ne7 {[%emt 0:00:05]} 10. Nf3 {[%emt 0:13:23]} Ng6 {[%emt 0:00:57]} 11. O-O {[%emt 0:02:24]} (11. e5 Rb8 12. c3 Be7 13. h4 f6 14. Bxg6+ hxg6 15. Bf4 f5 16. Bg5 Bxg5 17. Nxg5 {½-½ (47) Malakhov,V (2691)-Gharamian,T (2626) Mali Losinj 2017}) 11... Bd6 {[%emt 0:02:37] LiveBook: 15 Games} 12. Re1 {[%emt 0:01:56]} Nf4 {[%emt 0:07:33]} 13. Bxf4 {[%emt 0:01:00]} Bxf4 {[%emt 0:00:02]} 14. c4 {[%emt 0:01:12]} dxc4 $146 {[%emt 0:06:34]} ({Predecessor:} 14... O-O 15. exd5 cxd5 16. g3 Bh6 {1-0 (31) Oratovsky,M (2473)-Ider,B (2465) Elgoibar 2016}) 15. Bxc4 {[%emt 0:00:08]} O-O {[%emt 0:01:00]} 16. e5 {[%emt 0:07:27]} c5 {[%emt 0:00:11]} 17. Qe4 {[%emt 0:07:40]} Bh6 {[%emt 0:00:07]} 18. Bd3 {[%emt 0:01:22]} g6 {[%emt 0:00:10]} 19. Qh4 {[%emt 0:01:50]} Bg7 {[%emt 0:00:01]} 20. Rac1 {[%emt 0:00:14]} Bc6 {[%emt 0:02:57]} 21. Rxc5 {[%emt 0:09:12]} Qb6 {[%emt 0:00:07]} 22. Rxc6 {[%emt 0:01:04]} ({Much worse is} 22. Ng5 h6 $17) 22... Qxc6 {[%emt 0:00:10]} 23. Be4 {[%emt 0:00:03]} Qa4 {[%emt 0:02:22]} 24. Bxa8 {[%emt 0:01:38]} Qxh4 {[%emt 0:00:05]} 25. Nxh4 {[%emt 0:00:06]} Rxa8 {[%emt 0:00:06]} 26. f4 {[%emt 0:04:04]} Rc8 {[%emt 0:00:15]} 27. Re2 {[%emt 0:03:45]} Bf8 {[%emt 0:02:24]} 28. g3 {[%emt 0:02:36]} Rc1+ {[%emt 0:01:18]} 29. Kg2 {[%emt 0:00:34]} Bc5 {[%emt 0:03:04]} 30. Nf3 {[%emt 0:00:21]} h6 {[%emt 0:00:41]} 31. Ne1 {[%emt 0:04:38]} Bb6 {[%emt 0:00:26]} 32. Kf3 {[%emt 0:01:58]} Rd1 {[%emt 0:02:13]} 33. Nc2 $14 {[%emt 0:05:44]} Kg7 {[%emt 0:02:01]} 34. Na3 {[%emt 0:04:49]} g5 {[%emt 0:02:27]} 35. Nc4 {[%emt 0:04:58]} Rf1+ {[%emt 0:02:13]} 36. Ke4 {[%emt 0:00:39]} Bc5 {[%emt 0:00:29]} 37. a3 {[%emt 0:04:14]} g4 {[%emt 0:03:24]} 38. b4 {[%emt 0:01:21]} Bg1 {[%emt 0:00:06]} 39. a4 {[%emt 0:07:13]} Rf3 {[%emt 0:08:49]} 40. Ne3 {[%emt 0:04:40]} Bxe3 {[%emt 0:01:25]} 41. Rxe3 {[%emt 0:00:02]} Rf2 {[%emt 0:00:01]} 42. a5 {[%emt 0:02:06]} Rb2 {[%emt 0:00:47]} 43. Rd3 {[%emt 0:01:15]} Rxb4+ {[%emt 0:00:22]} 44. Rd4 {[%emt 0:00:04]} Rb2 {[%emt 0:01:11]} 45. f5 {[%emt 0:00:21]} h5 {[%emt 0:06:29]} 46. fxe6 {[%emt 0:00:33]} fxe6 {[%emt 0:00:04]} 47. Rd7+ {[%emt 0:00:17]} Kg6 {[%emt 0:00:07]} 48. Rxa7 {[%emt 0:00:15]} Rxh2 {[%emt 0:01:10]} 49. a6 {[%emt 0:01:02]} Ra2 {[%emt 0:01:10]} 50. Ra8 {[%emt 0:00:52]} Ra4+ {[%emt 0:00:14]} 51. Ke3 {[%emt 0:00:38]} Kf5 {[%emt 0:00:34]} 52. Rh8 {[%emt 0:00:32]} Rxa6 {[%emt 0:03:32]} 53. Rxh5+ {[%emt 0:00:05]} Kg6 {[%emt 0:00:09]} 54. Rh8 {[%emt 0:00:05]} Ra3+ {[%emt 0:01:20]} 55. Kf4 {[%emt 0:00:25]} Ra4+ {[%emt 0:00:06]} 56. Ke3 {[%emt 0:00:06]} Ra3+ {[%emt 0:00:01]} 57. Kf4 {[%emt 0:00:05]} Ra4+ {[%emt 0:00:05]} 58. Ke3 {[%emt 0:00:04]} Ra3+ {[%emt 0:00:06]} 59. Kf4 {[%emt 0:00:05]} 1/2-1/2

[Event "FRA-ch Youth U14 2018"]
[Site "Agen"]
[Date "2018.04.18"]
[Round "5"]
[White "Ciccoli, Theo"]
[Black "Girel, Joseph"]
[Result "1/2-1/2"]
[WhiteElo "2126"]
[BlackElo "1969"]
[Annotator "NA"]
[PlyCount "61"]
[EventDate "2018.??.??"]
[EventType "swiss"]
[EventCountry "FRA"]
[SourceTitle "playchess.com"]
[Source "ChessBase"]
[SourceQuality "1"]
[TimeControl "5400+30"]

1. d4 {[%emt 0:00:00]} Nf6 {[%emt 0:00:16]} 2. Nf3 {[%emt 0:00:00]} g6 {[%emt 0:00:07]} 3. Nc3 {[%emt 0:00:00]} d5 {[%emt 0:00:29]} 4. Bf4 {[%emt 0:00:16]} Bg7 {[%emt 0:01:36]} 5. e3 {[%emt 0:00:21]} a6 {[%emt 0:03:10]} 6. Be2 {[%emt 0:01:02]} O-O {[%emt 0:04:18]} 7. Ne5 {[%emt 0:00:45] D00: 1 d4 d5: Unusual lines} Nbd7 {[%emt 0:03:26]} (7... b6 8. h4 Bb7 9. h5 c5 10. hxg6 hxg6 11. Qd2 Nc6 12. O-O-O b5 13. f3 Qa5 14. a3 Rfc8 15. dxc5 {0-1 (93) Ravi,T (2375)-Amonatov,F (2636) New Delhi 2018}) 8. h4 {[%emt 0:10:59]} c5 {[%emt 0:08:42]} 9. h5 {[%emt 0:06:58]} b5 $146 {[%emt 0:05:46]} ({Predecessor:} 9... Re8 10. hxg6 hxg6 11. Bf3 e6 12. g4 b5 13. Qd2 c4 {0-1 (45) Bromann,T (2387)-Haubro,M (2297) Denmark 2017}) 10. hxg6 {[%emt 0:07:24]} hxg6 {[%emt 0:01:47]} 11. Nc6 {[%emt 0:09:05]} Qe8 {[%emt 0:01:51]} 12. dxc5 {[%emt 0:02:32]} e5 {[%emt 0:05:57]} 13. Bg5 {[%emt 0:06:45]} Nxc5 {[%emt 0:06:30]} 14. Nxd5 {[%emt 0:02:14]} Nxd5 {[%emt 0:00:50]} 15. Qxd5 {[%emt 0:00:02]} Bb7 {[%emt 0:00:35]} 16. Qxc5 {[%emt 0:02:46]} Qxc6 {[%emt 0:04:52]} 17. Qxc6 {[%emt 0:01:16]} Bxc6 {[%emt 0:00:16]} 18. O-O {[%emt 0:08:18]} f6 {[%emt 0:10:11]} 19. Bh4 {[%emt 0:00:23]} g5 {[%emt 0:02:13]} 20. Bg3 {[%emt 0:00:03]} f5 {[%emt 0:00:05]} 21. Rad1 {[%emt 0:09:10]} f4 {[%emt 0:03:12]} 22. Bh2 {[%emt 0:01:12]} Rf6 {[%emt 0:03:04]} 23. Rd2 {[%emt 0:05:10]} Bf8 {[%emt 0:02:18]} 24. exf4 {[%emt 0:02:38]} gxf4 $11 {[%emt 0:05:27]} 25. Rfd1 {[%emt 0:08:16]} Ra7 {[%emt 0:02:55]} 26. Bg4 {[%emt 0:02:43]} Rg7 {[%emt 0:03:39]} 27. Bh3 {[%emt 0:01:00]} Rh6 {[%emt 0:01:00]} 28. Kf1 {[%emt 0:02:42]} f3 {[%emt 0:01:05]} 29. Bg3 {[%emt 0:01:20]} fxg2+ {[%emt 0:02:53]} 30. Bxg2 {[%emt 0:00:13]} Bxg2+ {[%emt 0:00:15]} 31. Kxg2 {[%emt 0:00:03]} 1/2-1/2

[Event "FRA-ch Youth U14 2018"]
[Site "Agen"]
[Date "2018.04.18"]
[Round "5"]
[White "Bassini, Emile"]
[Black "Nguyen-Cadoret, Nathan"]
[Result "1-0"]
[WhiteElo "2021"]
[BlackElo "1964"]
[Annotator "NA"]
[PlyCount "97"]
[EventDate "2018.??.??"]
[EventType "swiss"]
[EventCountry "FRA"]
[SourceTitle "playchess.com"]
[Source "ChessBase"]
[SourceQuality "1"]
[TimeControl "5400+30"]

1. d4 {[%emt 0:00:00]} Nf6 {[%emt 0:00:09]} 2. c4 {[%emt 0:00:00]} g6 {[%emt 0:01:41]} 3. Nc3 {[%emt 0:00:00]} Bg7 {[%emt 0:00:01]} 4. e4 {[%emt 0:00:00]} d6 {[%emt 0:00:01]} 5. Nf3 {[%emt 0:00:00]} O-O {[%emt 0:00:12]} 6. Be2 {[%emt 0:00:00]} Nbd7 {[%emt 0:01:49]} 7. Bg5 {[%emt 0:03:29]} e5 8. d5 {[%emt 0:01:40]} a5 {[%emt 0:02:35]} 9. Nd2 {[%emt 0:00:13]} Nc5 {[%emt 0:07:07] LiveBook: 36 Games} 10. g4 {[%emt 0:05:19] E92: King's Indian: Classical: 6 Be2 e5: 7 dxe5, 7 Be3 and Petrosian System without 7...Nbd7} (10. O-O h6 11. Be3 Nh7 12. a3 f5 13. b4 axb4 14. axb4 Rxa1 15. Qxa1 Na6 16. Qa3 f4 17. Ba7 g5 18. c5 g4 {0-1 (40) Dominguez Perez,L (2732)-Mamedov,R (2650) Huaian 2016}) 10... Bd7 {[%emt 0:12:54]} 11. h4 {[%emt 0:02:58]} h6 {[%emt 0:05:52]} 12. Be3 {[%emt 0:00:08]} Nh7 {[%emt 0:08:57]} 13. h5 {[%emt 0:25:37]} Ng5 {[%emt 0:26:51]} 14. hxg6 {[%emt 0:00:55]} fxg6 {[%emt 0:00:05]} 15. Qc2 {[%emt 0:00:07]} Nf7 $146 {[%emt 0:16:04]} ({Predecessor:} 15... a4 16. O-O-O Qe7 17. Rh2 {0-1 (34) Gonzalez Perez,A (2476)-Aguera Naredo,J (2364) Sanxenxo 2017}) 16. O-O-O {[%emt 0:08:14]} g5 {[%emt 0:00:20]} 17. Nf1 {[%emt 0:03:30]} Qe8 {[%emt 0:01:47]} 18. Ng3 {[%emt 0:02:24]} Na4 {[%emt 0:00:38]} 19. Nb5 {[%emt 0:01:12]} Bxb5 {[%emt 0:00:49]} 20. cxb5 {[%emt 0:00:04]} Nb6 {[%emt 0:00:11]} 21. Kb1 {[%emt 0:07:44]} Qd7 {[%emt 0:01:13]} 22. Nf5 {[%emt 0:00:09]} Rfc8 {[%emt 0:02:18]} 23. Rc1 {[%emt 0:00:10]} Kf8 {[%emt 0:00:15]} 24. a4 $18 {[%emt 0:00:20]} Qd8 {[%emt 0:01:17]} 25. Qb3 {[%emt 0:05:47]} Nd7 {[%emt 0:01:14]} 26. Rc3 {[%emt 0:00:24]} b6 {[%emt 0:00:19]} 27. Ka2 {[%emt 0:02:52]} Qf6 {[%emt 0:01:31]} 28. Rhc1 {[%emt 0:00:28]} Nc5 {[%emt 0:00:06]} 29. Bxc5 {[%emt 0:00:04]} dxc5 {[%emt 0:02:04]} 30. d6 {[%emt 0:00:48]} cxd6 {[%emt 0:01:23]} 31. Rf3 {[%emt 0:00:15]} Ra7 {[%emt 0:01:31]} 32. Bc4 {[%emt 0:00:33]} Rcc7 {[%emt 0:01:14]} 33. Rd1 {[%emt 0:00:34]} Rd7 {[%emt 0:01:34]} 34. Be6 {[%emt 0:00:16]} h5 {[%emt 0:00:35]} 35. Nxd6 {[%emt 0:01:21]} Rxd6 {[%emt 0:01:06]} 36. Rxd6 {[%emt 0:01:01]} Nxd6 {[%emt 0:00:19]} 37. Rxf6+ {[%emt 0:00:07]} Bxf6 {[%emt 0:00:02]} 38. Qd5 {[%emt 0:00:02]} Ne8 {[%emt 0:01:12]} 39. gxh5 {[%emt 0:00:57]} Re7 {[%emt 0:00:55]} 40. h6 {[%emt 0:01:02]} Nc7 {[%emt 0:00:34]} 41. Qd8+ {[%emt 0:00:17]} Ne8 {[%emt 0:00:06]} 42. Qxb6 {[%emt 0:00:04]} Rh7 {[%emt 0:00:14]} 43. Qxc5+ {[%emt 0:00:07]} Be7 {[%emt 0:00:04]} 44. Qxe5 {[%emt 0:00:06]} Rxh6 {[%emt 0:00:02]} 45. b6 {[%emt 0:00:23]} Bd6 {[%emt 0:00:17]} 46. Qd5 {[%emt 0:00:23]} Rf6 {[%emt 0:00:10]} 47. b7 {[%emt 0:00:08]} Ke7 {[%emt 0:00:09]} 48. e5 {[%emt 0:00:17]} Rxe6 {[%emt 0:00:06]} 49. Qxe6+ {[%emt 0:00:14]} 1-0

[Event "FRA-ch Youth U14 2018"]
[Site "Agen"]
[Date "2018.04.18"]
[Round "5"]
[White "Raclot, Leo"]
[Black "Lary, Damien"]
[Result "0-1"]
[WhiteElo "2006"]
[BlackElo "2072"]
[Annotator "NA"]
[PlyCount "24"]
[EventDate "2018.??.??"]
[EventType "swiss"]
[EventCountry "FRA"]
[SourceTitle "playchess.com"]
[Source "ChessBase"]
[SourceQuality "1"]
[TimeControl "5400+30"]

{[%evp 17,22,15,13,-58,-47,-44,-35]} 1. e4 {[%emt 0:00:00]} e6 {[%emt 0:00:05]} 2. d4 {[%emt 0:00:00]} d5 {[%emt 0:00:07]} 3. Nd2 {[%emt 0:00:07]} Nc6 {[%emt 0:00:13]} 4. Ngf3 {[%emt 0:01:06]} Nf6 {[%emt 0:00:07]} 5. e5 {[%emt 0:00:59]} Nd7 {[%emt 0:00:12]} 6. Bd3 {[%emt 0:02:33]} f6 {[%emt 0:00:10]} 7. exf6 {[%emt 0:01:52]} Qxf6 {[%emt 0:00:07]} 8. c3 {[%emt 0:02:27]} Bd6 {[%emt 0:00:20]} 9. O-O {[%emt 0:03:01]} O-O {[%emt 0:00:39] LiveBook: 8 Games} 10. Nb3 {[%emt 0:04:13]} (10. Bb1 $11) 10... e5 {[%emt 0:01:57]} 11. dxe5 $15 {[%emt 0:05:11]} Ndxe5 {[%emt 0:00:13]} 12. Be2 {[%emt 0:02:33]} Bg4 {[%emt 0:31:46]} 0-1

[Event "FRA-ch Youth U14 2018"]
[Site "Agen"]
[Date "2018.04.18"]
[Round "5"]
[White "Chemla, Anouk"]
[Black "Randrianarimanana, Alicia"]
[Result "0-1"]
[WhiteElo "1705"]
[BlackElo "1872"]
[Annotator "NA"]
[PlyCount "98"]
[EventDate "2018.??.??"]
[EventType "swiss"]
[EventCountry "FRA"]
[SourceTitle "playchess.com"]
[Source "ChessBase"]
[SourceQuality "1"]
[TimeControl "5400+30"]

1. Nf3 {[%emt 0:00:00]} g6 {[%emt 0:00:05]} 2. e4 {[%emt 0:00:37]} c5 {[%emt 0:00:41]} 3. g3 {[%emt 0:01:10]} Bg7 {[%emt 0:00:19]} 4. Bg2 {[%emt 0:00:37]} Nc6 {[%emt 0:02:27]} 5. O-O {[%emt 0:01:43]} e6 {[%emt 0:00:16]} 6. d3 {[%emt 0:01:28]} Nge7 {[%emt 0:00:14]} 7. Nc3 {[%emt 0:01:47] LiveBook: 64 Games} d5 {[%emt 0:04:18]} 8. Re1 {[%emt 0:07:07] B24: Closed Sicilian: 3 g3 sidelines} (8. exd5 exd5 9. Bf4 O-O 10. Qd2 b6 11. Rae1 Bb7 12. Nb5 Nf5 13. g4 Ncd4 14. Nfxd4 Nxd4 15. Nd6 Bc6 16. c3 Ne6 17. c4 Nxf4 18. Qxf4 Qc7 19. cxd5 Bb5 20. Qg3 Bxd3 21. Qxd3 Qxd6 22. b3 {½-½ (22) Vajda,L (2556)-Zhou,Y (2464) Sunny Beach 2014}) 8... h6 {[%emt 0:00:55]} ({Better is} 8... d4 $15 9. Na4 b6) 9. exd5 {[%emt 0:03:12]} exd5 {[%emt 0:00:01]} 10. Bf4 $146 {[%emt 0:01:06]} ({Predecessor:} 10. d4 cxd4 11. Nb5 Bg4 12. Bf4 O-O 13. h3 Bxf3 14. Qxf3 {0-1 (49) Gaag,E (2370)-Gavryushin,O (2350) Pskov 1998}) 10... a6 {[%emt 0:09:26]} 11. Nxd5 {[%emt 0:07:30]} O-O {[%emt 0:30:38]} 12. Nxe7+ {[%emt 0:00:57]} Nxe7 {[%emt 0:00:01]} 13. Be5 {[%emt 0:01:44]} f6 {[%emt 0:00:33]} 14. Bc3 {[%emt 0:01:37]} Nd5 {[%emt 0:00:20]} 15. Bd2 {[%emt 0:01:20]} Nb6 {[%emt 0:08:23]} 16. Qc1 {[%emt 0:12:03]} g5 {[%emt 0:00:21]} 17. Be3 {[%emt 0:08:32]} Qd6 {[%emt 0:02:14]} 18. h4 {[%emt 0:08:34]} Bf5 {[%emt 0:13:54]} 19. Nd2 {[%emt 0:04:10]} Qc7 {[%emt 0:00:23]} 20. Ne4 {[%emt 0:00:58]} Nd7 {[%emt 0:00:11]} 21. Qd2 {[%emt 0:05:14]} Rad8 {[%emt 0:00:54]} 22. Qc3 {[%emt 0:02:32]} b6 $16 {[%emt 0:02:35]} 23. Qc4+ {[%emt 0:01:17]} Kh7 {[%emt 0:00:17]} 24. Qxa6 {[%emt 0:03:23]} Be6 {[%emt 0:01:11]} 25. hxg5 {[%emt 0:02:12]} fxg5 {[%emt 0:00:42]} 26. Bxg5 {[%emt 0:01:45]} Ra8 {[%emt 0:06:48]} 27. Nf6+ {[%emt 0:01:19]} Nxf6 {[%emt 0:00:06]} 28. Bxa8 {[%emt 0:00:16]} Bc8 {[%emt 0:00:07]} 29. Qc4 {[%emt 0:01:32]} hxg5 {[%emt 0:00:10]} 30. Bg2 {[%emt 0:09:57]} Ng4 {[%emt 0:03:46]} 31. Qe4+ {[%emt 0:01:17]} Kh8 {[%emt 0:00:21]} 32. Qc6 {[%emt 0:02:25]} Qxc6 {[%emt 0:03:54]} 33. Bxc6 {[%emt 0:00:02]} Bxb2 {[%emt 0:00:09]} 34. Rab1 {[%emt 0:01:41]} Bd4 {[%emt 0:01:18]} 35. Re7 {[%emt 0:03:00]} Rxf2 {[%emt 0:05:35]} 36. Re8+ {[%emt 0:02:51]} Kg7 {[%emt 0:00:08]} 37. Rxb6 {[%emt 0:00:53]} c4 {[%emt 0:01:20]} 38. Rb8 {[%emt 0:00:21]} Be6 {[%emt 0:01:53]} 39. Rb7+ {[%emt 0:00:36]} Bf7 {[%emt 0:01:01]} 40. Re4 {[%emt 0:00:35]} Rf4+ {[%emt 0:00:34]} 41. Kg2 {[%emt 0:00:33]} Rxe4 {[%emt 0:01:26]} 42. dxe4 {[%emt 0:00:09]} Ne3+ {[%emt 0:00:14]} 43. Kf3 {[%emt 0:00:05]} Kg6 {[%emt 0:00:44]} 44. a4 {[%emt 0:00:12]} Nxc2 {[%emt 0:00:29]} 45. Bb5 {[%emt 0:00:33]} c3 {[%emt 0:00:11]} 46. Bd3 {[%emt 0:01:01]} Ne1+ {[%emt 0:00:27]} 47. Ke2 {[%emt 0:00:08]} c2 {[%emt 0:01:03]} 48. e5+ {[%emt 0:00:47]} Nxd3 {[%emt 0:00:06]} 49. Rc7 Ne1 0-1

[Event "FRA-ch Youth U14 2018"]
[Site "Agen"]
[Date "2018.04.18"]
[Round "5"]
[White "Lepape, Eleonore"]
[Black "Sumarriva Paulin, Laura"]
[Result "1/2-1/2"]
[WhiteElo "1531"]
[BlackElo "1665"]
[Annotator "NA"]
[PlyCount "56"]
[EventDate "2018.??.??"]
[EventType "swiss"]
[EventCountry "FRA"]
[SourceTitle "playchess.com"]
[Source "ChessBase"]
[SourceQuality "1"]
[TimeControl "5400+30"]

1. d4 {[%emt 0:00:00]} d5 {[%emt 0:00:06]} 2. c4 {[%emt 0:00:00]} dxc4 {[%emt 0:00:26]} 3. a4 {[%emt 0:00:03]} e6 {[%emt 0:03:39]} 4. e3 {[%emt 0:01:03]} c5 {[%emt 0:00:27]} 5. Nf3 {[%emt 0:01:15]} Nf6 {[%emt 0:00:22]} 6. Bxc4 {[%emt 0:02:17]} Nc6 {[%emt 0:03:25]} 7. O-O {[%emt 0:01:17]} Be7 {[%emt 0:01:46]} 8. Nc3 {[%emt 0:04:17]} O-O {[%emt 0:01:35]} 9. Re1 {[%emt 0:08:56]} a6 {[%emt 0:06:58]} 10. Ne5 {[%emt 0:04:35]} Nb4 {[%emt 0:19:36]} 11. h3 {[%emt 0:20:02]} Qc7 {[%emt 0:03:24]} 12. Bf1 {[%emt 0:01:32]} Nbd5 {[%emt 0:12:29]} 13. g4 {[%emt 0:01:24]} Nxc3 {[%emt 0:02:40]} 14. bxc3 {[%emt 0:00:09]} Ne4 {[%emt 0:00:37]} 15. Qd3 {[%emt 0:02:00]} Ng5 {[%emt 0:06:01]} 16. h4 {[%emt 0:00:51]} f6 {[%emt 0:00:31]} 17. hxg5 {[%emt 0:02:32]} fxe5 {[%emt 0:00:19]} 18. g6 {[%emt 0:00:50]} h6 {[%emt 0:02:39]} 19. Bg2 {[%emt 0:02:32]} Bh4 {[%emt 0:04:24]} 20. Rf1 {[%emt 0:03:11]} exd4 {[%emt 0:01:41]} 21. exd4 {[%emt 0:01:10]} cxd4 {[%emt 0:01:39]} 22. Qh3 {[%emt 0:06:31]} Be7 {[%emt 0:03:19]} 23. g5 {[%emt 0:02:05]} Qxc3 {[%emt 0:01:13]} 24. Qxc3 {[%emt 0:03:46]} dxc3 {[%emt 0:00:09]} 25. gxh6 {[%emt 0:00:38]} gxh6 {[%emt 0:01:04]} 26. Bxh6 {[%emt 0:00:20]} Rd8 {[%emt 0:01:02]} 27. Rac1 {[%emt 0:10:36]} Bf6 {[%emt 0:01:42]} 28. f4 {[%emt 0:01:12]} Bg7 {[%emt 0:01:01]} 1/2-1/2